| 000 | 00479nam a2200205Ia 4500 | ||
|---|---|---|---|
| 005 | 20250425162641.0 | ||
| 008 | 250425s9999 xx 000 0 und d | ||
| 020 | _a0852382855 | ||
| 041 | _aeng | ||
| 082 | _a591.15 | ||
| 100 | _aLUTZ, ERNST | ||
| 245 | 0 | _aPRACTICAL GENETICS FOR AQUACULTURE | |
| 250 | _aFIRST | ||
| 260 |
_aEstados Unidos _bFISHING NEWS BOOKS _c2001 |
||
| 260 | _aIOWA CITY | ||
| 300 | _a235 | ||
| 650 | _aGENETICA | ||
| 942 | _c01 | ||
| 010 | _a94058 | ||
| 999 |
_c233612 _d233612 |
||